Mathematical modelling of turbulent diffusion in the environment : proceedings of the conference on Mathematical Modelling of Turbulent Diffusion in the Environment held at Liverpool University, September 12-13th, 1978 /

Bibliographic Details
Corporate Authors: Conference on Mathematical Modelling of Turbulent Diffusion in the Environment University of Liverpool, Institute of Mathematics and Its Applications
Other Authors: Harris, C. J. (Christopher John)
Format: Conference Proceeding Book
Language:English
Published: London ; New York, N.Y. : Academic Press, 1979.
Series:Conference series (Institute of Mathematics and Its Applications)
Subjects:

MARC

Tag First Indicator Second Indicator Subfields
LEADER 00000cam a2200000 a 4500
001 in00000083929
005 20151008054341.0
008 800606s1979 enka b 10110 eng d
010 |a  79050301  
020 |a 0123283507 
035 |a (OCoLC)06396293 
035 |9 AAJ0397AM 
040 |a WYU  |c WYU  |d m.c.  |d OCL  |d TXA  |d UtOrBLW 
049 |a TXAM  |c [387347] 
090 |a TD172.5  |b .C65 1978 
092 |a 628.5 
111 2 |a Conference on Mathematical Modelling of Turbulent Diffusion in the Environment  |d (1978 :  |c University of Liverpool) 
245 1 0 |a Mathematical modelling of turbulent diffusion in the environment :  |b proceedings of the conference on Mathematical Modelling of Turbulent Diffusion in the Environment held at Liverpool University, September 12-13th, 1978 /  |c organised by the Institute of Mathematics and its Applications ; edited by C.J. Harris. 
264 1 |a London ;  |a New York, N.Y. :  |b Academic Press,  |c 1979. 
300 |a xvi, 500 pages :  |b illustrations ;  |c 24 cm. 
336 |a text  |b txt  |2 rdacontent 
337 |a unmediated  |b n  |2 rdamedia 
338 |a volume  |b nc  |2 rdacarrier 
490 1 |a Conference series / Institute of Mathematics and its Applications 
504 |a Includes bibliographies and index. 
650 0 |a Pollution  |x Mathematical models  |x Congresses. 
650 0 |a Turbulent diffusion (Meteorology)  |x Mathematical models  |x Congresses. 
700 1 |a Harris, C. J.  |q (Christopher John) 
710 2 |a Institute of Mathematics and Its Applications. 
830 0 |a Conference series (Institute of Mathematics and Its Applications) 
999 |a MARS 
999 f f |s b641623b-06f2-354f-a0e2-b4564d196fa3  |i b1b0cf13-cb31-3efa-a138-bf17d035da87  |t 0 
952 f f |p ric  |a Texas A&M University  |b Rellis Campus  |c Joint Library Facility  |d Remote Storage  |t 0  |e TD172.5 .C65 1978  |h Library of Congress classification  |i unmediated -- volume  |m A14806244659 
998 f f |a TD172.5 .C65 1978  |t 0  |l Remote Storage